|
|
|
|
| LEADER |
00000naa a2200000uu 4500 |
| 001 |
vtls011081036 |
| 003 |
SK-MaSNL |
| 005 |
20260302112330.0 |
| 008 |
210910|1995 xo |||||||||||||||||slo| |
| 015 |
|
|
|a SNBRA
|
| 035 |
|
|
|a (urnnbn)urn:nbn:sk:snk:ar-a0ciir
|
| 035 |
|
|
|a (uuid)ec59088c-1617-4069-b4b1-65522d064f1f
|
| 035 |
|
|
|a urn:nbn:sk:snk-aavoin
|
| 040 |
|
|
|a SNKBUCL
|b slo
|c SNKBUCL
|e AACR2
|
| 041 |
0 |
|
|a slo
|
| 044 |
|
|
|a xo
|c SK
|
| 100 |
1 |
|
|a Lackovičová, Anna,
|d 1949-
|4 aut
|9 38053
|
| 245 |
1 |
0 |
|a DIVERZITA EPIFYTICKÝCH LIŠAJNÍKOV V OBLASTI KROMPÁCH
|c Anna Lackovičová
|
| 773 |
0 |
|
|t Diverzita rastlinstva Slovenska
|d Bratislava : Slovenská botanická spoločnosť pri SAV, 1995
|g S. [158]-163
|z 8096729209
|
| 958 |
|
|
|a OND
|
| 958 |
|
|
|a article12
|
| 958 |
|
|
|a chapter
|
| 999 |
|
|
|c 1251221
|d 1253151
|